000 00343nam a22001337a 4500
020 _a0070402116
082 _a005.133
_bBAL/OB
100 _aBalaguruswamy, E
_9221
245 _aObjective - oriented programming with C++
250 _a2
260 _aNew Delhi
_bTata Mc Graw Hill
_c2001
700 _aComputer programming
_9222
942 _cBK
999 _c14180
_d14180